000 00641nam a2200193Ia 4500
008 210719s2021 xx 000 0 und d
020 _a978-93-90219-57-5
041 _aeng
082 _a327 SINI
100 _aSINGH (Pavneet)
245 _aInternational relations: for general studies preliminary and main exam Ed 3
250 _a3
260 _aChennai
_bMcGraw Hill Education (India) Private Limited
_c2021
300 _axxvi,470
_bPB
365 _b425
_cRs
650 _aInternational Relations
650 _aPolitical Science
906 _a3 ; Ed ; exam ; for ; general ; International ; main ; preliminary ; relations: ; studies
999 _c211988
_d211988